Friends for life : a collection of poems

Bibliographic Details
Other Authors: Gary Morris
Format: Book
Published: Colorado : Blue Mountain Press , 2000
Subjects:

MARC

LEADER 00000cam a2200000 7i4500
001 0000014963
005 20100623.0
008 080310
020 |a 0883964651 
090 0 0 |a 811.54080353   |b FRI 
245 1 0 |a Friends for life :   |b a collection of poems   |c Edited by Gary Morris 
260 |a Colorado :   |b Blue Mountain Press ,   |c 2000 
650 0 |a American poetry   |x 20th century 
650 0 |a Friendship   |x poetry 
700 0 |a Gary Morris 
999 |a 0001016523   |b Book   |c Adult Collection   |e Perbadanan Perpustakaan Awam Johor